| 000 | 00524nam a2200181Ia 4500 | ||
|---|---|---|---|
| 999 |
_c27946 _d27946 |
||
| 003 | OSt | ||
| 005 | 20260305124335.0 | ||
| 008 | 190216s9999||||xx |||||||||||||| ||und|| | ||
| 020 | _a9788171306787 | ||
| 040 | _coclc | ||
| 082 |
_a894.8123 _bZAC/E |
||
| 100 | 0 |
_aSakkar̲iya, _d1945- _96653 |
|
| 245 | 0 |
_aEnthundu Visesham, Peelathose ? / _cPaul Zacharia |
|
| 260 |
_bDc Books, _c1997. _aKottayam: |
||
| 300 | _a60p | ||
| 650 | _aMalayalam Novel | ||
| 942 |
_cBK _2ddc _h894.8123 _iZAC/E _k894.8123 _mZAC/E |
||